Groupes de choses : Dofus - Statistiques

Statistiques générales
  • Ce quiz a été pris 232 fois
  • Le résultat moyen est 48 sur 66
Statistiques - réponses
Groupe Réponse % Correct
Classe Cra
99%
Classe Iop
99%
Classe Eniripsa
96%
Classe Enutrof
96%
Classe Feca
96%
Classe Osamodas
96%
Classe Sacrieur
96%
Classe Sadida
96%
Classe Sram
96%
Classe Xelor
96%
Classe Roublard
95%
Dofus primordiaux Emeraude
94%
Classe Ecaflip
90%
Classe Eliotrope
90%
Dofus primordiaux Ocre
90%
Classe Steamer
89%
Dofus primordiaux Turquoise
88%
Classe Huppermage
87%
Dofus primordiaux Pourpre
87%
Classe Pandawa
86%
Métier Paysan
84%
Métier Pêcheur
84%
Métier Alchimiste
83%
Métier Bûcheron
83%
Classe Zobal
83%
Dofus secondaire Cawotte
82%
Dofus primordiaux Ebêne
81%
Classe Ouginak
81%
Dofus primordiaux Ivoire
80%
Métier Cordonnier
79%
Classe Forgelance
79%
Métier Mineur
79%
Métier Tailleur
79%
Métier Bijoutier
76%
Métier Forgeron
76%
Dofus secondaire Vulbis
75%
Métier Chasseur
74%
Métier Forgemage
71%
Métier Sculpteur
71%
Dofus secondaire Dofawa
70%
Métier Cordomage
66%
Dofus secondaire Glaces
65%
Dofus secondaire Abyssal
63%
Dofus secondaire Dolmanax
63%
Dofus secondaire Kaliptus
63%
Dofus secondaire Dokoko
62%
Dofus secondaire Sylvestre
61%
Métier Bricoleur
60%
Dofus secondaire Dotruche
60%
Dofus secondaire Tacheté
58%
Dofus secondaire Domakuro
56%
Dofus secondaire Dorigami
55%
Métier Façonneur
55%
Métier Joaillomage
55%
Dofus secondaire Argenté
53%
Métier Sculptemage
51%
Dofus secondaire Cauchemar
50%
Dofus secondaire Dokille
50%
Métier Façomage
50%
Dofus secondaire Forgelave
50%
Dofus secondaire Veilleurs
50%
Métier Costumage
48%
Dofus secondaire Nébuleux
47%
Dofus secondaire Cacao
36%
Dofus secondaire Jyfus
21%
Dofus secondaire Dom de Pin
18%
Aucun quiz correspondant
Distribution des résultats
% des personnes avec chaque résultat
Percentile par nombre de réponses
Votre historique - résultats
Vous n’avez pas pris ce quiz